| 000 | 00606nam a22001577a 4500 | ||
|---|---|---|---|
| 003 | OSt | ||
| 005 | 20151026151513.0 | ||
| 008 | 151026b xxu||||| |||| 00| 0 eng d | ||
| 040 | _cRUA | ||
| 082 | _aAVM CHU 2003 B112 Or.1 | ||
| 100 |
_92922 _aCHUM CHANDARA |
||
| 245 | _aStudy on fighting cock raising in kean svay district, kandal provinec, (ការសិក្សាលើការចិញ្ចឹមមាន់ជល់ នៅស្រុកកៀនស្វាយ ខេត្តកណ្ដាល) | ||
| 260 |
_aPhnom Penh _bRua _c2003 |
||
| 300 |
_aviii; 32p. _bill. _c29cm. |
||
| 942 |
_2ddc _cAVM |
||
| 999 |
_c2739 _d2739 |
||